000 00297nam a22001337a 4500
003 SGT
082 _a612.015
_bR12S
100 _aSURESH, PARIMI
245 _aRASENDRA SARA SANGRAH
260 _aVARANASI
_bCHAUKHAMBHA PUB
_c2012
300 _a1112
650 _aRASENDRA SANGRAH
942 _2ddc
_cBK
_03
999 _c8324
_d8324